00741 2200253 4500001002100000005001500021035002000036007000300056008004100059020001800100082001000118084001600128100003300144245007200177250001200249300004100261650002700302650003100329264004000360336002100400337003000421338002300451990001300474INLIS00000000112168120251106021313 a0010-1125000038ta251106 0 ind  a9786233811422 a297.4 a297.4 ASE t0 aAsep Usman IsmailePengarang1 aTema-Tema Tasawuf dalam Alquran :bSeri Kesatu /cAsep Usman Ismail aEdisi 1 ax, 134 halaman :bilustrasi ;c23 cm 4aTasawuf—Ajaran Islam 4aSufism—Islamic Teachings aMalang :bInteligensia Media,c2023 2rdacontentaTeks 2rdamediaaTanpa Perantara 2rdacarrieraVolume a25/00119